000 01001nam a2200241 a 4500
001 82420
003 BD-RjUL
005 20240110112642.0
008 231207s2015 bg a|||| m||| 00| 0 eng d
035 _a(BD-RjUL)82420
040 _aBD-RjUL
_beng
_cBD-RjUL
_dBD-RjUL
041 _aeng
082 _223
_a641.095492
_bAZV 2015
100 _aAzad, Md. Abu Sayem
_910385
245 1 0 _aVarietal Improvement and Extensive Cultivation of Strawberry (Fragaria x ananassa Duch.) In Bangladesh /
_cBy Md. Abu Sayem Azad ;
_6Supervisor : M. Aminul Howue.
260 _aRajshahi :
_bDepartment of Agronmy and Agricultural Extension, University of Rajshahi,
_c2015.
300 _a xvii, 200 Leaves :
_bill, ;
_c29 cm.
502 _aThesis (Ph. D.) -- Department of Agronmy and Agricultural Extension, University of Rajshahi, 2015
504 _aReferences : Leaves 151-181
650 _aStrawberry
_vExtensive Cultivation
_zBangladesh
_910386
700 _aHowue, M. Aminul, Supervisor
_910387
942 _2ddc
_cTHE
999 _c82420
_d82420